000 00577nam a22002171i 4500
001 bimo0000144318
003 OSt
005 20150227151059.0
008 900514s1981 sp | ||| ||spa
020 _a84-02-08270-X
040 _cBMC
082 _a813.5
100 1 _aStraub, Peter
245 1 0 _aFantasmas
_cPeter Straub ; [traducción, Lucrecia Moreno de Sáenz]
250 _a1ª ed
260 _aBarcelona
_bBruguera
_c1981
300 _a542 p.
_c20 cm
490 0 _aCinco Estrellas
_v68
650 2 4 _917595
_aNovela norteamericana
942 _2ddc
_cBK
_hahoj
999 _c19061
_d19061